The Financing of Education in Zambia. (Record no. 172220)
[ view plain ]
| 000 -LEADER | |
|---|---|
| fixed length control field | 00640cam5a220022900 4500 |
| 001 - CONTROL NUMBER | |
| control field | zam00003271 |
| 008 - FIXED-LENGTH DATA ELEMENTS--GENERAL INFORMATION | |
| fixed length control field | 951128s1991 xx eng u |
| 035 ## - SYSTEM CONTROL NUMBER | |
| System control number | (Sirsi) r20603 |
| 035 ## - SYSTEM CONTROL NUMBER | |
| System control number | (MACHINE)SLC. |
| 050 ## - LIBRARY OF CONGRESS CALL NUMBER | |
| Classification number | LB 2342 KEL 1991 |
| 100 1# - MAIN ENTRY--PERSONAL NAME | |
| Personal name | Kelly, Michael J. |
| Linkage | A6530.1 |
| 245 15 - TITLE STATEMENT | |
| Title | The Financing of Education in Zambia. |
| 260 ## - PUBLICATION, DISTRIBUTION, ETC. | |
| Date of publication, distribution, etc. | 1991. |
| 591 ## - | |
| -- | Class code: ED 110. |
| 591 ## - | |
| -- | Course: Education and development. |
| 591 ## - | |
| -- | School: S03. |
| 591 ## - | |
| -- | Lecturer: Prof. KELLY, M.J. |
| 591 ## - | |
| -- | Number of Students: 236. |
| 949 ## - LOCAL PROCESSING INFORMATION (OCLC) | |
| a | KEL1-FIN |
| w | lcc |
| m | MAIN |
| t | BOOK |
| l | ON-SHELF |
| 909 ## - | |
| -- | Book |
No items available.